Statistics for Česke, Slovenské slová

Click here to take the quiz!

General Stats

  • This quiz has been taken 564 times
    (554 since last reset)
  • The average score is 15 of 41

Answer Stats

slovoodpoveď% Correct
SK čučoriedkaborůvka
78%
CZ hřbitovcintorín
77%
SK korčulebrusle
71%
SK korytnačkaželva
71%
CZ velbloudťava
64%
CZ polštářvankúš
61%
SK Spálňaložnice
60%
CZ kostkakocka
58%
SK svokratchýně
55%
SK pivnicasklep
54%
CZ meruňkamarhuľa
53%
SK desiatasvačina
53%
SK olovrantsvačina
53%
SK cencúľrampouch
49%
CZ vepřovébravčové
47%
CZ hospodakrčma
43%
SK osavosa
41%
SK hojdačkahoupačka
40%
CZ broukchrobák
37%
SK pečeňjátra
36%
CZ pampeliškapúpava
36%
SK lienkaberuška
32%
CZ zedníkmurár
32%
CZ drůbežhydina
30%
CZ květákkarfiol
30%
CZ tchánsvokor
30%
SK žihlavakopřiva
29%
CZ řezníkmäsiar
29%
CZ lilekbaklažán
24%
CZ drobkyomŕvinky
24%
SK kôstkapecka
14%
SK špargľaChřest
13%
CZ pařezpeň
13%
SK sladké drievkolékořice
12%
SK žubrienkapulec
12%
CZ konvekŕhla
10%
SK Zababušiťzachumlat
10%
CZ pomlázkakorbáč
8%
CZ šeříkorgován
8%
SK črepníkKvětináč
5%
SK živicapryskyřice
4%

Score Distribution

Percentile by Number Answered

Percent of People with Each Score

Your Score History

You have not taken this quiz since the last reset